The mixed economic progress of immigrants /

Đã lưu trong:
Chi tiết về thư mục
Tác giả chính: Schoeni, Robert F.
Tác giả khác: McCarthy, Kevin F. Vernez, Georges
Định dạng: Texto
Được phát hành: California: Center for Research on Immigration Plicy. RAND
Các nhãn: Thêm thẻ
Không có thẻ, Là người đầu tiên thẻ bản ghi này!

MARC

LEADER 00000 a a2200000 04500
001 39208
003
040
020 |a 0-8330-2390-X  
090 |a 1001 S364m  
100 |a Schoeni, Robert F.  
245 |a The mixed economic progress of immigrants /  |c Robert F. Schoeni 
260 |a California:   |b Center for Research on Immigration Plicy. RAND  
300 |a 121 p.  
700 |a McCarthy, Kevin F.   |a Vernez, Georges  
999 |c 12318  |d 12318